Score 0/22 Timer 05:00
1 Play Today
Song Titles % Correct
I've Decided to Marry You
93%
You're a D'Ysquith
91.6%
Poison in My Pocket
91.6%
Poison in My Pocket (Reprise)
91.6%
Better With a Man
88.1%
Sibella
86.7%
Why Are All the D'Ysquiths Dying
84.6%
That Horrible Woman
79.7%
I Don't Understand the Poor
77.6%
Finale
77.6%
Foolish to Think
76.2%
Song Titles % Correct
Foolish to Think (Reprise)
76.2%
Inside Out
75.5%
The Last One You'd Expect
74.1%
Looking Down the Barrel of a Gun
74.1%
Poor Monty
72.7%
Stop! Wait! What?!
70.6%
Lady Hyacinth Abroad
69.9%
A Warning to the Audience
68.5%
I Don't Know What I'd Do
66.4%
A Warning to Monty
58%
Final Warning
52.4%
Remove Ads.
Support Sporcle.
Get the best of Sporcle when you Go Orange. This ad-free experience offers more features, more stats, and more fun while also helping to support Sporcle. Thank you for becoming a member.

You're not logged in!

Compare scores with friends on all Sporcle quizzes.
OR
Log In

Show Comments

Extras

Top Quizzes Today


Score Distribution

Your Account Isn't Verified!

In order to create a playlist on Sporcle, you need to verify the email address you used during registration. Go to your Sporcle Settings to finish the process.

Report this User

Report this user for behavior that violates our Community Guidelines.

Details: